<?xml version="1.0" encoding="UTF-8"?><record xmlns="http://www.loc.gov/MARC21/slim" xmlns:zs="http://docs.oasis-open.org/ns/search-ws/sruResponse">
  <leader>04983cgm a2200937 a 4500</leader>
  <controlfield tag="001">11638051</controlfield>
  <controlfield tag="005">20250606174821.1</controlfield>
  <controlfield tag="007">mr bf  dnnaranna|199409</controlfield>
  <controlfield tag="007">mr bf  fnnartnna|199409</controlfield>
  <controlfield tag="007">mr bf  dnnbdanna|199409</controlfield>
  <controlfield tag="007">mr bf  fnnbdtnna|199409</controlfield>
  <controlfield tag="007">kh bo </controlfield>
  <controlfield tag="007">cr b| ||||||||</controlfield>
  <controlfield tag="008">940930s1904    xxu006            mleng  </controlfield>
  <datafield ind1=" " ind2=" " tag="035">
    <subfield code="a">11638051</subfield>
  </datafield>
  <datafield ind1=" " ind2=" " tag="906">
    <subfield code="a">7</subfield>
    <subfield code="b">cbc</subfield>
    <subfield code="c">orignew</subfield>
    <subfield code="d">u</subfield>
    <subfield code="e">ncip</subfield>
    <subfield code="f">19</subfield>
    <subfield code="g">y-movingim</subfield>
  </datafield>
  <datafield ind1=" " ind2=" " tag="955">
    <subfield code="i">qm22 2016-05-23</subfield>
    <subfield code="c">qm22 2016-06-14</subfield>
    <subfield code="c">qm22 2018-12-14</subfield>
    <subfield code="a">qm08 2019-02-06</subfield>
  </datafield>
  <datafield ind1=" " ind2=" " tag="955">
    <subfield code="a">LCAP batch update 2025-06-01-04:00: LCAPM-1033</subfield>
  </datafield>
  <datafield ind1=" " ind2=" " tag="010">
    <subfield code="a">   94510571 </subfield>
  </datafield>
  <datafield ind1=" " ind2=" " tag="017">
    <subfield code="a">H51655</subfield>
    <subfield code="b">U.S. Copyright Office</subfield>
  </datafield>
  <datafield ind1="1" ind2="0" tag="033">
    <subfield code="a">19041001</subfield>
    <subfield code="a">19041003</subfield>
    <subfield code="b">3804</subfield>
    <subfield code="c">N4:3B8</subfield>
  </datafield>
  <datafield ind1=" " ind2=" " tag="035">
    <subfield code="9">(DLC)   94510571</subfield>
  </datafield>
  <datafield ind1=" " ind2=" " tag="040">
    <subfield code="a">DLC</subfield>
    <subfield code="c">DLC</subfield>
    <subfield code="e">amim</subfield>
    <subfield code="d">DLC</subfield>
  </datafield>
  <datafield ind1="0" ind2="0" tag="050">
    <subfield code="a">FLA 5540 (viewing print)</subfield>
  </datafield>
  <datafield ind1="0" ind2="0" tag="050">
    <subfield code="a">FEB 6879 (viewing print)</subfield>
  </datafield>
  <datafield ind1="0" ind2="0" tag="050">
    <subfield code="a">FRA 2406 (dupe neg pic)</subfield>
  </datafield>
  <datafield ind1="0" ind2="0" tag="050">
    <subfield code="a">FPE 1236 (dupe neg pic)</subfield>
  </datafield>
  <datafield ind1="0" ind2="0" tag="050">
    <subfield code="a">Box 0610A (paper pos)</subfield>
  </datafield>
  <datafield ind1="0" ind2="0" tag="050">
    <subfield code="a">Box 5489A (paper pos, copy 2)</subfield>
  </datafield>
  <datafield ind1="0" ind2="4" tag="245">
    <subfield code="a">The lost child /</subfield>
    <subfield code="c">American Mutoscope and Biograph Company ; director, Wallace McCutcheon.</subfield>
  </datafield>
  <datafield ind1="1" ind2=" " tag="246">
    <subfield code="i">Former title:</subfield>
    <subfield code="a">Unidentified Masson.</subfield>
    <subfield code="n">No. 2</subfield>
    <subfield code="5">DLC</subfield>
  </datafield>
  <datafield ind1="1" ind2=" " tag="246">
    <subfield code="i">Inventory title:</subfield>
    <subfield code="a">Masson reel no. 6</subfield>
    <subfield code="5">DLC</subfield>
  </datafield>
  <datafield ind1=" " ind2=" " tag="257">
    <subfield code="a">United States.</subfield>
  </datafield>
  <datafield ind1=" " ind2=" " tag="260">
    <subfield code="a">United States :</subfield>
    <subfield code="b">American Mutoscope and Biograph Company,</subfield>
    <subfield code="c">1904.</subfield>
  </datafield>
  <datafield ind1=" " ind2=" " tag="300">
    <subfield code="a">1 video file (digital, MPEG-4) (ca. 6 min.) :</subfield>
    <subfield code="b">si., b&amp;w.</subfield>
  </datafield>
  <datafield ind1=" " ind2=" " tag="300">
    <subfield code="3">viewing print</subfield>
    <subfield code="a">1 film reel of 1 (231 ft.) :</subfield>
    <subfield code="b">si., b&amp;w ;</subfield>
    <subfield code="c">16 mm.</subfield>
  </datafield>
  <datafield ind1=" " ind2=" " tag="300">
    <subfield code="3">viewing print</subfield>
    <subfield code="a">1 film reel of 1 (521 ft.) :</subfield>
    <subfield code="b">si., b&amp;w ;</subfield>
    <subfield code="c">35 mm.</subfield>
  </datafield>
  <datafield ind1=" " ind2=" " tag="300">
    <subfield code="3">dupe neg pic</subfield>
    <subfield code="a">1 film reel of 1 (231 ft.) :</subfield>
    <subfield code="b">si., b&amp;w ;</subfield>
    <subfield code="c">16 mm.</subfield>
  </datafield>
  <datafield ind1=" " ind2=" " tag="300">
    <subfield code="3">dupe neg pic</subfield>
    <subfield code="a">1 film reel of 1 (521 ft.) :</subfield>
    <subfield code="b">si., b&amp;w ;</subfield>
    <subfield code="c">35 mm.</subfield>
  </datafield>
  <datafield ind1=" " ind2=" " tag="300">
    <subfield code="3">paper pos</subfield>
    <subfield code="a">1 roll of 1 (ca. 585 ft.) :</subfield>
    <subfield code="b">b&amp;w ;</subfield>
    <subfield code="c">35 mm.</subfield>
  </datafield>
  <datafield ind1=" " ind2=" " tag="300">
    <subfield code="3">paper pos (copy 2)</subfield>
    <subfield code="a">1 roll of 1 (ca. 585 ft.) :</subfield>
    <subfield code="b">b&amp;w ;</subfield>
    <subfield code="c">35 mm.</subfield>
  </datafield>
  <datafield ind1=" " ind2=" " tag="336">
    <subfield code="a">two-dimensional moving image</subfield>
    <subfield code="b">tdi</subfield>
    <subfield code="2">rdacontent</subfield>
  </datafield>
  <datafield ind1=" " ind2=" " tag="337">
    <subfield code="a">projected</subfield>
    <subfield code="b">g</subfield>
    <subfield code="2">rdamedia</subfield>
  </datafield>
  <datafield ind1=" " ind2=" " tag="338">
    <subfield code="a">film reel</subfield>
    <subfield code="b">mr</subfield>
    <subfield code="2">rdacarrier</subfield>
  </datafield>
  <datafield ind1=" " ind2=" " tag="500">
    <subfield code="a">Copyright: American &amp; Mutoscope Biograph Co.; 15Oct1904; H51655.</subfield>
  </datafield>
  <datafield ind1=" " ind2=" " tag="500">
    <subfield code="a">Main title, credits and end title lacking.</subfield>
    <subfield code="5">DLC</subfield>
  </datafield>
  <datafield ind1=" " ind2=" " tag="500">
    <subfield code="a">Main title and credits taken from Early motion pictures, p. 188.</subfield>
  </datafield>
  <datafield ind1=" " ind2=" " tag="500">
    <subfield code="a">Nitrate damage printed through in 35 mm. viewing print and dupe neg pic in AFI/Masson (Daniel J.) Collection.</subfield>
    <subfield code="5">DLC</subfield>
  </datafield>
  <datafield ind1=" " ind2=" " tag="500">
    <subfield code="a">Summary mainly taken from Early motion pictures, p. 188.</subfield>
  </datafield>
  <datafield ind1=" " ind2=" " tag="500">
    <subfield code="a">Biograph production no. 2974.</subfield>
  </datafield>
  <datafield ind1=" " ind2=" " tag="500">
    <subfield code="a">Paper print shelf number (LC 2577) was changed when the paper prints were re-housed.</subfield>
    <subfield code="5">DLC</subfield>
  </datafield>
  <datafield ind1=" " ind2=" " tag="500">
    <subfield code="a">Additional holdings for this title may be available. Contact reference librarian.</subfield>
    <subfield code="5">DLC</subfield>
  </datafield>
  <datafield ind1=" " ind2=" " tag="500">
    <subfield code="a">Sources used: Niver, K. Early motion pictures, p. 188; Biograph photo cat., v. 6 [MI]; American Mutoscope and Bioscope Company bulletin 36 [MI]; Musser, C. The emergence of cinema, p. 375-376; Biograph production logs; AFI catalog: film beginnings, 1893-1910, p. 617-618.</subfield>
  </datafield>
  <datafield ind1=" " ind2=" " tag="508">
    <subfield code="a">Cameraman, G.W. Bitzer.</subfield>
  </datafield>
  <datafield ind1="1" ind2=" " tag="511">
    <subfield code="a">Kathryn Osterman.</subfield>
  </datafield>
  <datafield ind1=" " ind2=" " tag="518">
    <subfield code="a">Photographed in Fort Hamilton, Brooklyn, New York  on October 1 and 3, 1904.</subfield>
  </datafield>
  <datafield ind1=" " ind2=" " tag="520">
    <subfield code="a">A woman brings a small boy into the backyard of a house in the suburbs. She puts him on the ground to play and returns later to find him missing. Unaware that the baby has crawled into the dog house, she admonishes a man who is putting something into a good-sized basket. He becomes frightened and begins to run. She thinks he has the baby amd chases him. As they go down the street, more and more people join the chase. They finally capture the man and all he has in the basket is a guinea pig. They return to the house and find the boy playing with the dog.</subfield>
  </datafield>
  <datafield ind1=" " ind2=" " tag="581">
    <subfield code="a">Early motion pictures : the Paper Print Collection in the Library of Congress / by Kemp R. Niver. Library of  Congress. 1985.</subfield>
  </datafield>
  <datafield ind1=" " ind2="0" tag="650">
    <subfield code="a">Missing children</subfield>
    <subfield code="v">Humor.</subfield>
  </datafield>
  <datafield ind1=" " ind2="0" tag="650">
    <subfield code="a">Fear of crime</subfield>
    <subfield code="v">Humor.</subfield>
  </datafield>
  <datafield ind1=" " ind2="0" tag="650">
    <subfield code="a">False alarms</subfield>
    <subfield code="v">Humor.</subfield>
  </datafield>
  <datafield ind1=" " ind2="0" tag="650">
    <subfield code="a">Kidnapping</subfield>
    <subfield code="v">Humor.</subfield>
  </datafield>
  <datafield ind1=" " ind2="7" tag="655">
    <subfield code="a">Chase films.</subfield>
    <subfield code="2">lcgft</subfield>
  </datafield>
  <datafield ind1=" " ind2="7" tag="655">
    <subfield code="a">Comedy films.</subfield>
    <subfield code="2">lcgft</subfield>
  </datafield>
  <datafield ind1=" " ind2="7" tag="655">
    <subfield code="a">Silent films.</subfield>
    <subfield code="2">lcgft</subfield>
  </datafield>
  <datafield ind1=" " ind2="7" tag="655">
    <subfield code="a">Short films.</subfield>
    <subfield code="2">lcgft</subfield>
  </datafield>
  <datafield ind1=" " ind2="7" tag="655">
    <subfield code="a">Fiction films.</subfield>
    <subfield code="2">lcgft</subfield>
  </datafield>
  <datafield ind1="1" ind2=" " tag="700">
    <subfield code="a">McCutcheon, Wallace,</subfield>
    <subfield code="e">direction.</subfield>
  </datafield>
  <datafield ind1="1" ind2=" " tag="700">
    <subfield code="a">Bitzer, G. W.,</subfield>
    <subfield code="d">1872-1944,</subfield>
    <subfield code="e">camera.</subfield>
  </datafield>
  <datafield ind1="1" ind2=" " tag="700">
    <subfield code="a">Osterman, Kathryn,</subfield>
    <subfield code="d">1883-1956,</subfield>
    <subfield code="e">cast.</subfield>
  </datafield>
  <datafield ind1="2" ind2=" " tag="710">
    <subfield code="a">American Mutoscope and Biograph Company.</subfield>
  </datafield>
  <datafield ind1="2" ind2=" " tag="710">
    <subfield code="a">Paper Print Collection (Library of Congress)</subfield>
    <subfield code="5">DLC</subfield>
  </datafield>
  <datafield ind1="2" ind2=" " tag="710">
    <subfield code="a">AFI/Masson (Daniel J.) Collection (Library of Congress)</subfield>
    <subfield code="5">DLC</subfield>
  </datafield>
  <datafield ind1="1" ind2="8" tag="786">
    <subfield code="t">Lost child</subfield>
    <subfield code="w">(DLC) 725</subfield>
    <subfield code="n">AVCMS</subfield>
  </datafield>
  <datafield ind1=" " ind2=" " tag="856">
    <subfield code="3">digital viewing copy</subfield>
    <subfield code="d">ntscrm</subfield>
    <subfield code="f">00000725</subfield>
    <subfield code="u">https://hdl.loc.gov/loc.mbrsmi/ntscrm.00000725</subfield>
  </datafield>
  <datafield ind1=" " ind2=" " tag="953">
    <subfield code="a">TE01</subfield>
  </datafield>
  <datafield ind1=" " ind2=" " tag="985">
    <subfield code="a">nsr</subfield>
  </datafield>
  <datafield ind1=" " ind2=" " tag="991">
    <subfield code="b">c-MP&amp;TV</subfield>
    <subfield code="h">FLA 5540 (ref print)</subfield>
    <subfield code="w">MUMS VM File</subfield>
  </datafield>
  <datafield ind1=" " ind2=" " tag="991">
    <subfield code="b">c-MP&amp;TV</subfield>
    <subfield code="h">FRA 2406 (dupe neg)</subfield>
    <subfield code="w">MUMS VM File</subfield>
  </datafield>
  <datafield ind1=" " ind2=" " tag="991">
    <subfield code="b">c-MP&amp;TV</subfield>
    <subfield code="h">FEB 6879 (ref print)</subfield>
    <subfield code="w">MUMS VM File</subfield>
  </datafield>
  <datafield ind1=" " ind2=" " tag="991">
    <subfield code="b">c-MP&amp;TV</subfield>
    <subfield code="h">FPE 1236 (dupe neg)</subfield>
    <subfield code="w">MUMS VM File</subfield>
  </datafield>
</record>
